000 00231nam a22000857a 4500
008 230921b |||||||| |||| 00| 0 eng d
020 _a9781421587790
100 _aKusaka Hidenori
_97698
245 _aPokemon Adventures (Special Edition)-8
999 _c12429
_d12429